000 nam a22 7a 4500
999 _c127098
_d127098
008 171012b xxu||||| |||| 00| 0 eng d
050 _aBX3756.I3G15
100 _aIgnatius, SJ
_937041
245 _aIgnatius of Loyola
_bSpiritual exercises and selected works
_c/ Ignatius
260 _aNew York
_bPaulist Press
_c1991
300 _axi, 503p. ;
_c23cm.
440 _aThe Classics of Western Spirituality
_937042
650 _aIgnatius of Loyola, Saint
_y1491-1556
_937043
650 _aChristian saints
_xSpain
_xBiography
_937044
650 _aSpirutual Exercises
_xEarly Workd ton 1800
_937045
700 _aGanss, George E.
_eed.
_937046
942 _2lcc
_cMONOGRAPH